Statistics for Квиз о 2000-им

Click here to take the quiz!

General Stats

  • This quiz has been taken 75 times
  • The average score is 9 of 20

Answer Stats

ТрагОдговор% Correct
Друштвена мрежа која је увела #хештегТвитер
85%
Премијер Србије убијен 2003.Зоран Ђинђић
82%
Најуспешнији репер деценијеЕминем
74%
Српски политичар збачен са власти након покушаја крађе избораСлободан Милошевић
74%
Поглавар Српске православне цркве преминуо 2009.Патријарх Павле
72%
Ког датума су 2001. извршени терористички напади на САД?11. септембра
60%
Платформа за дељење видео-снимака основана 2005.Јутјуб
57%
Изабран за председника САД 2000. након контроверзног бројања гласова на ФлоридиЏорџ В. Буш
54%
Држава нападнута након оптужби да поседује оружје за масовно уништењеИрак
51%
Држава која је имала највише жртава цунамија 2004.Индонезија
46%
Овај филм Џејмса Камерона постао је филм са највећом зарадом свих временаАватар
46%
Освојио 8 златних медаља на Олимпијским играма у ПекингуМајкл Фелпс
45%
Држава на коју је Русија извршила инвазију 2008.Грузија
37%
Најуспешнија ауторка деценијеЏ. К. Роулинг
26%
Холандија је 2001. постала прва држава која је легализовала...Истополне бракове
26%
Азијска држава која је прогласила независност 2002.Источни Тимор
25%
Аустралијски природњак који је 2006. умро након убода ражеСтив Ирвин
23%
Умро 2005. након што је 26 година провео на месту папеЈован Павле II
22%
Терористичка група коју је предводио Мухамед Мула ОмарТалибани
15%
Економска криза која је почела 2007.Велика {рецесија}
6%

Score Distribution

Percentile by Number Answered

Percent of People with Each Score

Your Score History

You have not taken this quiz